<?xml version="1.0" encoding="UTF-8"?>
<record
    xmlns:xsi="http://www.w3.org/2001/XMLSchema-instance"
    xsi:schemaLocation="http://www.loc.gov/MARC21/slim http://www.loc.gov/standards/marcxml/schema/MARC21slim.xsd"
    xmlns="http://www.loc.gov/MARC21/slim">

  <leader>00737nam a22002417a 4500</leader>
  <datafield tag="952" ind1=" " ind2=" ">
    <subfield code="a">0001</subfield>
    <subfield code="b">0001</subfield>
    <subfield code="d">2022-03-09</subfield>
    <subfield code="l">0</subfield>
    <subfield code="o">320.561 Y29b 2010</subfield>
    <subfield code="p">020333</subfield>
    <subfield code="r">2022-03-09 00:00:00</subfield>
    <subfield code="w">2022-03-09</subfield>
    <subfield code="y">BKS</subfield>
  </datafield>
  <datafield tag="999" ind1=" " ind2=" ">
    <subfield code="c">14829</subfield>
    <subfield code="d">14829</subfield>
  </datafield>
  <controlfield tag="003">MIRAKIL</controlfield>
  <controlfield tag="005">20220309154051.0</controlfield>
  <controlfield tag="008">220309b        tu ||||| |||| 00| 0 tur d</controlfield>
  <datafield tag="020" ind1=" " ind2=" ">
    <subfield code="a">9786054125074</subfield>
  </datafield>
  <datafield tag="040" ind1=" " ind2=" ">
    <subfield code="a">TR-AnCHP</subfield>
    <subfield code="b">tur</subfield>
    <subfield code="c">TR-AnCHP</subfield>
  </datafield>
  <datafield tag="041" ind1=" " ind2=" ">
    <subfield code="a">tur</subfield>
  </datafield>
  <datafield tag="082" ind1=" " ind2=" ">
    <subfield code="a">320.561</subfield>
    <subfield code="b">Y29b 2010</subfield>
  </datafield>
  <datafield tag="100" ind1=" " ind2=" ">
    <subfield code="a">Yaz&#x131;c&#x131;o&#x11F;lu, Ya&#x15F;ar</subfield>
  </datafield>
  <datafield tag="245" ind1=" " ind2=" ">
    <subfield code="a">Bitmeyen hesap/</subfield>
    <subfield code="c">Ya&#x15F;ar Yaz&#x131;c&#x131;o&#x11F;lu.</subfield>
  </datafield>
  <datafield tag="260" ind1=" " ind2=" ">
    <subfield code="a">Ankara:</subfield>
    <subfield code="b">Kripto Kitaplar,</subfield>
    <subfield code="c">2010.</subfield>
  </datafield>
  <datafield tag="300" ind1=" " ind2=" ">
    <subfield code="a">570 s.:</subfield>
    <subfield code="c">24 sm.</subfield>
  </datafield>
  <datafield tag="490" ind1=" " ind2=" ">
    <subfield code="a">Kripto Kitaplar ;</subfield>
    <subfield code="a">Ara&#x15F;t&#x131;rma &#x130;nceleme dizisi</subfield>
    <subfield code="v">genel yay&#x131;n nu: 8.</subfield>
    <subfield code="v">3.</subfield>
  </datafield>
  <datafield tag="500" ind1=" " ind2=" ">
    <subfield code="a">Yap&#x131;t yazar&#x131;ndan imzal&#x131;d&#x131;r.</subfield>
  </datafield>
  <datafield tag="504" ind1=" " ind2=" ">
    <subfield code="a">Kaynak&#xE7;a vard&#x131;r.</subfield>
  </datafield>
  <datafield tag="650" ind1=" " ind2="0">
    <subfield code="a">Siyaset ve y&#xF6;netim</subfield>
    <subfield code="9">9</subfield>
    <subfield code="x">T&#xFC;rkiye</subfield>
  </datafield>
  <datafield tag="650" ind1=" " ind2="0">
    <subfield code="a">Emperyalizm </subfield>
    <subfield code="9">5227</subfield>
  </datafield>
  <datafield tag="942" ind1=" " ind2=" ">
    <subfield code="2">ddc</subfield>
    <subfield code="c">BKS</subfield>
  </datafield>
</record>
